Catálogo
 En Linea

Sempere / (Registro nro. 22262)

Detalles MARC
000 -CABECERA
campo de control de longitud fija 00723nam a2200229 a 4500
001 - NÚMERO DE CONTROL
campo de control 000022765
005 - FECHA Y HORA DE LA ÚLTIMA TRANSACCIÓN
campo de control 20200930021802.0
008 - DATOS DE LONGITUD FIJA--INFORMACIÓN GENERAL
campo de control de longitud fija 101117s1972 sp a r 000 0 spa d
040 ## - FUENTE DE LA CATALOGACIÓN
Centro catalogador/agencia de origen DO-SdBNP
Lengua de catalogación spa
Centro/agencia transcriptor BNPHU
082 ## - NÚMERO DE LA CLASIFICACIÓN DECIMAL DEWEY
Número de clasificación xxxx
Número de documento/Ítem S473P
049 ## - FONDOS LOCALES (OCLC)
Fondos de biblioteca BNGR
100 1# - ENTRADA PRINCIPAL--NOMBRE DE PERSONA
Nombre de persona Popovici, Cirilo
9 (RLIN) 46773
245 10 - MENCIÓN DE TÍTULO
Título Sempere /
Mención de responsabilidad, etc. Cirilo Popovici.
260 ## - PUBLICACIÓN, DISTRIBUCIÓN, ETC.
Lugar de publicación, distribución, etc. Valencia :
Nombre del editor, distribuidor, etc. Dirección General de Bellas Artes,
Fecha de publicación, distribución, etc. 1972.
300 ## - DESCRIPCIÓN FÍSICA
Extensión 97 p. :
Otras características físicas il. ;
Dimensiones 17 cm.
490 1# - MENCIÓN DE SERIE
Mención de serie Pintores
490 1# - MENCIÓN DE SERIE
Mención de serie Artistas españoles contemporaneos ;
Designación de volumen o secuencia 35
500 ## - NOTA GENERAL
Nota general Incluye índice de láminas.
500 ## - NOTA GENERAL
Nota general Incluye biografía del autor en las solapas.
830 #0 - PUNTO DE ACCESO ADICIONAL DE SERIE-TÍTULO UNIFORME
Título uniforme Pintores
9 (RLIN) 19840
830 #0 - PUNTO DE ACCESO ADICIONAL DE SERIE-TÍTULO UNIFORME
Título uniforme Artistas españoles contemporaneos ;
Número de parte o sección de la obra 35
9 (RLIN) 46774
Existencias
Estado de retiro Estado de pérdida Restricciones de uso No para préstamo Código de colección Localización permanente Ubicación/localización actual Ubicación en estantería Fecha de adquisición Número de inventario Total de préstamos Signatura topográfica completa Código de barras Fecha visto por última vez Precio válido a partir de Tipo de ítem Koha
        Monografías: Libros y Folletos General General En catalogación 17.11.2010 LF1   xxxx S473P 22765-10 25.06.2020 25.06.2020 Préstamo en sala

Con tecnología Koha